Plain and reinforced concrete II CE-310 (Record no. 553572)
[ view plain ]
| 000 -LEADER | |
|---|---|
| fixed length control field | 00407nam a22001337a 4500 |
| 082 ## - DEWEY DECIMAL CLASSIFICATION NUMBER | |
| Classification number | CP10 |
| 100 ## - MAIN ENTRY--PERSONAL NAME | |
| Personal name | Muhammad, Iqbal |
| 9 (RLIN) | 4316 |
| 245 ## - TITLE STATEMENT | |
| Title | Plain and reinforced concrete II CE-310 |
| Remainder of title | course pack |
| Statement of responsibility, etc. | Muhammad Iqbal |
| 250 ## - EDITION STATEMENT | |
| Edition statement | Fall semester 2014 |
| 260 ## - PUBLICATION, DISTRIBUTION, ETC. | |
| Place of publication, distribution, etc. | Risalpur |
| Name of publisher, distributor, etc. | MCE |
| Date of publication, distribution, etc. | 2014 |
| 526 ## - STUDY PROGRAM INFORMATION NOTE | |
| Program name | 0 |
| Interest level | 0 |
| Reading level | 0 |
| Title point value | CP_000000000000000_10 |
| 650 ## - SUBJECT ADDED ENTRY--TOPICAL TERM | |
| Topical term or geographic name entry element | Plain and reinforced concrete II CE-310 |
| 9 (RLIN) | 50833 |
| 942 ## - ADDED ENTRY ELEMENTS (KOHA) | |
| Source of classification or shelving scheme | |
| Koha item type | Book Bank |
| Withdrawn status | Lost status | Source of classification or shelving scheme | Damaged status | Not for loan | Permanent Location | Current Location | Date acquired | Total Checkouts | Total Renewals | Full call number | Barcode | Date last seen | Date last checked out | Price effective from | Koha item type |
|---|---|---|---|---|---|---|---|---|---|---|---|---|---|---|---|
| Military College of Engineering (MCE) | Military College of Engineering (MCE) | 08/17/2015 | 3 | 1 | CP10 | MCE-CP10 | 03/26/2019 | 03/02/2017 | 08/17/2015 | Book Bank |
